|
|
|
|
| LEADER |
00877nam a2200217 a 4500 |
| 001 |
28601 |
| 003 |
BD-DhAAL |
| 008 |
141124t20021994enka j 000 1 eng d |
| 020 |
|
|
|a 9781853260902
|
| 040 |
|
|
|a UKM
|c UKM
|d BD-DhAAL
|d BD-DhAAL
|
| 082 |
0 |
4 |
|a 823/.91
|2 18
|
| 100 |
1 |
|
|a Verne, Jules
|9 6149
|
| 245 |
1 |
0 |
|a Around the world in eighty days & five weeks in a balloon /
|c by Jules Verne ; introduction and notes by Roger Cardinal.
|
| 260 |
|
|
|a London :
|b Wordsworth classics,
|c 1994 [2002].
|
| 300 |
|
|
|a 359 p. :
|b ill. ;
|c 20 cm.
|
| 541 |
1 |
|
|e 28601
|
| 650 |
1 |
|
|a French fiction
|9 6150
|
| 700 |
1 |
|
|a Cardinal, Roger
|9 6151
|
| 942 |
|
|
|2 ddc
|c BK
|
| 999 |
|
|
|c 33109
|d 33109
|
| 952 |
|
|
|0 0
|1 0
|2 ddc
|4 0
|6 823_910000000000000_VER
|7 0
|9 44190
|a BRACUL
|b BRACUL
|c GEN
|d 2014-11-24
|e BRAC Institute of Language (BIL)
|l 0
|o 823.91 VER
|p 3010028601
|r 2014-11-24
|t 1
|w 2014-11-24
|y BK
|x Transferred from BIL to BRACUL on 06/06/22
|